000 01000nam a22002537a 4500
005 20121127110921.0
008 121127t xxu||||| |||| 00| 0 eng d
010 _aENG-106311
020 _c195.00
_a9781259005060
020 _c195.00
_a1259005062
035 _aEN-89844
037 _bDBAD/PUB
040 _aDPL
_bEng
082 _a650.142
100 _aBhargava, Munish
_953852
245 _aWinning resumes and successful interviews /
_cby Munish Bhargava
260 _aDelhi
_bTata McGraw Hill
_c2012
270 _a7 West Patel Nagar
_bDelhi
_e110008
300 _ax,223p.
_c21cm(pbk)
942 _2ddc
_cEN
_mBHA
_h650.142
999 _c71661
_d71661